| 000 | 00573nam a2200193 a 4500 | ||
|---|---|---|---|
| 001 | 1679 | ||
| 003 | CO-ViMGA | ||
| 008 | 141112s2004 ck r 000 u spa d | ||
| 040 |
_aCO-ViMGA _bspa _cCO-ViMGA |
||
| 082 | 0 | 4 | _aV863.44 G175s |
| 100 | 1 |
_aGarmendia, Salvador _950148 |
|
| 245 | 1 | 0 | _aSobre la tierra calcinada y otros cuentos |
| 260 |
_aSantafé de Bogotá : _bNorma, _c1991 |
||
| 300 | _a103, 86 p | ||
| 490 | _aCara y cruz | ||
| 500 | _aEncuadernado con A propósito de Salvador Garmendia y su obra. | ||
| 650 | 1 | 4 |
_aCUENTOS VENEZOLANOS _950149 |
| 942 |
_2ddc _cBK |
||
| 999 |
_c13856 _d13856 |
||